000 00640nam a2200205Ia 4500
005 20240314135608.0
008 131103s9999 xx 000 0 und d
040 _aLoreto College
041 _aEnglish
082 _a370.1
_bMAR-GAL
245 4 _aThe Education of Man,
_cEdited with an introduction by Donald and Idella Gallagher
250 _a The educational philosophy of Jacques Maritian
260 _aNotre Dam
_bUniversity of Notre Dam Press
_c1967
300 _a191p
504 _aIncludes bibliographical references
650 _aMaritian, Jacques(1882-1973)
651 _aEducation
850 _aLCLIB
942 _cBK
999 _c19441
_d69920